[Event "KreisEM Mfr. Mitte"]
[Site "Nürnberg"]
[Date "2018.01.13"]
[Round "7.1"]
[White "Meulner, Klaus"]
[Black "Erlbeck, Peter"]
[Result "1-0"]
[WhiteElo "2128"]
[BlackElo "2094"]
[PlyCount "99"]
[EventDate "2018.??.??"]
[WhiteTeam "SW Nürnberg Süd"]
[BlackTeam "SW Nürnberg Süd"]

1. Nf3 f5 2. d3 Nf6 3. e4 d6 4. exf5 Bxf5 5. d4 Qd7 6. Nc3 g6 7. Bd3 Bg7 8. O-O
Bxd3 9. Qxd3 Nc6 10. d5 Nd8 11. Ng5 O-O 12. Qc4 h6 13. Nf3 Kh7 14. Re1 Nf7 15.
Bd2 Rae8 16. Qh4 Qg4 17. Qxg4 Nxg4 18. Nb5 Nfe5 19. Nxe5 Bxe5 20. f4 Bxb2 21.
Rab1 Bg7 22. Nxc7 Bd4+ 23. Kf1 Nxh2+ 24. Ke2 Bb6 25. Nxe8 Rxe8 26. Be3 Bxe3 27.
Kxe3 b6 28. Kd4 Kg7 29. Rb3 Ng4 30. Rc3 Kf7 31. Re6 h5 32. Rc7 Nh6 33. c4 Nf5+
34. Kd3 Rb8 35. Rxa7 b5 36. Rc7 bxc4+ 37. Kxc4 Rb2 38. Ra7 Rxg2 39. a4 Rc2+ 40.
Kb4 Rd2 41. Re1 Rxd5 42. a5 Rd4+ 43. Kb5 Rxf4 44. a6 Rf2 45. Ra1 Rb2+ 46. Kc6
Ke6 47. Kc7 Nd4 48. Re1+ Kf7 49. Rb7 Ra2 50. Kb6 1-0

[Event "KreisEM Mfr. Mitte"]
[Site "Nürnberg"]
[Date "2018.01.13"]
[Round "7.2"]
[White "Adelhuette, Dennis"]
[Black "Paul, Arthur"]
[Result "1-0"]
[WhiteElo "1938"]
[BlackElo "1432"]
[PlyCount "99"]
[EventDate "2018.??.??"]
[WhiteTeam "SC JÄKLECHEMIE"]
[BlackTeam "SW Nürnberg Süd"]

1. d4 d5 2. c4 e6 3. Nc3 c6 4. e4 dxe4 5. Nxe4 Nf6 6. Nxf6+ Qxf6 7. Nf3 Bb4+ 8.
Bd2 Bxd2+ 9. Qxd2 O-O 10. Bd3 Nd7 11. Ng5 h6 12. Nh7 Qxd4 13. Nxf8 Kxf8 14. Rd1
c5 15. O-O b6 16. Qe2 Bb7 17. Rfe1 Nf6 18. Bb1 Qh4 19. f3 Qf4 20. Rd2 Qc7 21.
Red1 Bc6 22. Qd3 Ne8 23. Qh7 f5 24. Qg6 Qf7 25. Qg3 Qc7 26. Qxc7 Nxc7 27. Rd6
Be8 28. g4 f4 29. Be4 Rb8 30. Bc6 Ke7 31. Rd7+ Bxd7 32. Rxd7+ Kf6 33. Rxc7 Rd8
34. Rd7 Rxd7 35. Bxd7 Ke5 36. Kf2 Kd4 37. Bxe6 Kd3 38. h4 g5 39. hxg5 hxg5 40.
Bf5+ Kxc4 41. Ke2 a5 42. Kd2 Kd4 43. Bd7 Kc4 44. b3+ Kb4 45. Kc2 c4 46. bxc4
Kxc4 47. a4 Kd4 48. Kd2 Kc4 49. Bb5+ Kd4 50. Ba6 1-0

[Event "KreisEM Mfr. Mitte"]
[Site "Nürnberg"]
[Date "2018.01.13"]
[Round "7.3"]
[White "Mantel, Ruben"]
[Black "Leis, Stefan"]
[Result "1-0"]
[WhiteElo "2013"]
[BlackElo "1967"]
[PlyCount "85"]
[EventDate "2018.??.??"]
[WhiteTeam "SC Noris-Tarrasch Nürnberg"]
[BlackTeam "SC Mühlhof-Reichelsdorf"]

1. e4 c5 2. Nc3 e6 3. Nf3 a6 4. g3 Nc6 5. Bg2 d6 6. O-O Nf6 7. d4 cxd4 8. Nxd4
Nxd4 9. Qxd4 Qc7 10. Kh1 Be7 11. f4 e5 12. Qd3 Be6 13. Nd5 Bxd5 14. exd5 O-O
15. c4 Rac8 16. b3 e4 17. Qe2 b5 18. Bb2 bxc4 19. Rac1 Qa5 20. bxc4 Qxa2 21.
Rc2 Qb3 22. Rc3 Qb8 23. Re3 Bd8 24. Re1 Qc7 25. Rc1 Qd7 26. h3 a5 27. g4 a4 28.
g5 Ne8 29. Bxe4 f5 30. Bg2 Rb8 31. Re1 Rxb2 32. Qxb2 Nc7 33. Qb7 g6 34. Qc6 Rf7
35. Qxd7 Rxd7 36. Ra3 Na6 37. Rxa4 Nc5 38. Ra8 Kf7 39. Bf1 Be7 40. Rea1 Rb7 41.
R8a7 Rb3 42. Re1 Ne4 43. Bg2 1-0

[Event "KreisEM Mfr. Mitte"]
[Site "Nürnberg"]
[Date "2018.01.13"]
[Round "7.4"]
[White "Rhein, Thomas"]
[Black "Dippel, Joerg"]
[Result "1/2-1/2"]
[WhiteElo "1830"]
[BlackElo "1805"]
[PlyCount "29"]
[EventDate "2018.??.??"]
[WhiteTeam "SW Nürnberg Süd"]
[BlackTeam "SC Anderssen"]

1. d4 d5 2. c4 e6 3. Nc3 c6 4. e3 f5 5. Nf3 Bd6 6. Bd3 Nf6 7. b3 O-O 8. O-O Ne4
9. Bb2 Nd7 10. Nd2 Rf6 11. f4 Rh6 12. Nf3 Ndf6 13. Qe1 Qe8 14. Bxe4 dxe4 15.
Ne5 1/2-1/2

[Event "KreisEM Mfr. Mitte"]
[Site "Nürnberg"]
[Date "2018.01.13"]
[Round "7.5"]
[White "Babichev, Vyacheslav"]
[Black "Meyer, Robert"]
[Result "1/2-1/2"]
[WhiteElo "1831"]
[BlackElo "1729"]
[PlyCount "153"]
[EventDate "2018.??.??"]
[WhiteTeam "SW Nürnberg Süd"]
[BlackTeam "SC Stein"]

1. e4 e6 2. Nc3 d5 3. Nf3 dxe4 4. Nxe4 Nf6 5. Ng3 b6 6. Be2 Bb7 7. O-O Be7 8.
d3 Nbd7 9. Bf4 O-O 10. Re1 Nd5 11. Bd2 c5 12. c4 Nc7 13. Bc3 Bf6 14. Qc2 Bxc3
15. Qxc3 Qf6 16. Qc2 e5 17. Ne4 Bxe4 18. dxe4 Ne6 19. Rad1 Nd4 20. Nxd4 exd4
21. Qd2 Rfe8 22. f3 Re7 23. b3 Rae8 24. Bf1 Qg6 25. Qc1 Ne5 26. Kh1 h5 27. b4
Kh7 28. bxc5 bxc5 29. Qa3 Qc6 30. Rd2 Rb8 31. h3 g5 32. Rxd4 g4 33. hxg4 hxg4
34. f4 Qh6+ 35. Kg1 g3 36. Qxg3 cxd4 37. fxe5 Rg8 38. Qa3 Qg5 39. Qh3+ Kg7 40.
Qf5 Rxe5 41. Qxg5+ Rxg5 42. Rd1 Rd8 43. Kf2 Ra5 44. Rd2 Kf6 45. Bd3 Ke5 46. Rb2
Rd6 47. Ke2 Rb6 48. Rc2 f6 49. g4 Kf4 50. Kf2 Kxg4 51. Kg2 Rc6 52. Rf2 Ra3 53.
Be2+ Kg5 54. Rf5+ Kg6 55. Rf2 d3 56. Bd1 Rxc4 57. Kf3 Rc1 58. Bb3 Rc2 59. Rf1
Rxb3 60. axb3 Rb2 61. Ra1 Rxb3 62. Rxa7 d2+ 63. Ke2 Re3+ 64. Kxd2 Rxe4 65. Kd3
f5 66. Ra6+ Kg5 67. Ra1 Kf4 68. Rf1+ Ke5 69. Ra1 Rd4+ 70. Ke3 f4+ 71. Kf3 Rd3+
72. Ke2 Re3+ 73. Kf2 Kf5 74. Ra8 Ke4 75. Re8+ Kd3 76. Rd8+ Kc2 77. Rd4 1/2-1/2

[Event "KreisEM Mfr. Mitte"]
[Site "Nürnberg"]
[Date "2018.01.13"]
[Round "7.6"]
[White "Bauer, Karl Heinz"]
[Black "Rausch, Wolfgang"]
[Result "1/2-1/2"]
[WhiteElo "2120"]
[BlackElo "1880"]
[PlyCount "91"]
[EventDate "2018.??.??"]
[WhiteTeam "SW Nürnberg Süd"]
[BlackTeam "SC Stein"]

1. e4 c6 2. d4 d5 3. Nc3 dxe4 4. Nxe4 Bf5 5. Ng3 Bg6 6. Nf3 Nd7 7. h4 h6 8. h5
Bh7 9. Bd3 Bxd3 10. Qxd3 Ngf6 11. Bd2 e6 12. Qe2 Be7 13. O-O-O O-O 14. Kb1 Re8
15. c4 b6 16. Ne5 Rc8 17. Qf3 Qc7 18. Bc3 Nxe5 19. dxe5 Nd7 20. Qe2 Red8 21. f4
Nf8 22. Ne4 Rxd1+ 23. Rxd1 Rd8 24. b4 Rxd1+ 25. Qxd1 Qd7 26. Nd6 c5 27. b5 Bxd6
28. exd6 f6 29. g4 Qb7 30. Qd2 Nd7 31. Kb2 Qf3 32. g5 hxg5 33. fxg5 Qxh5 34.
gxf6 gxf6 35. Qg2+ Kh7 36. Qe4+ Qf5 37. Qh4+ Kg7 38. Bd2 Qe5+ 39. Bc3 Qxd6 40.
Qg5+ Kf7 41. Qh5+ Ke7 42. Qh7+ Ke8 43. Qg8+ Ke7 44. Qg7+ Kd8 45. Bxf6+ Nxf6 46.
Qxf6+ 1/2-1/2

[Event "KreisEM Mfr. Mitte"]
[Site "Nürnberg"]
[Date "2018.01.13"]
[Round "7.7"]
[White "Wagner, Alexander"]
[Black "Dyroff, Roland"]
[Result "1/2-1/2"]
[WhiteElo "1695"]
[BlackElo "1814"]
[PlyCount "50"]
[EventDate "2018.??.??"]
[WhiteTeam "SW Nürnberg Süd"]
[BlackTeam "SW Nürnberg Süd"]

1. e4 c5 2. Nf3 d6 3. Bc4 Nc6 4. a3 Nf6 5. d3 Bg4 6. Bg5 Ne5 7. Nxe5 dxe5 8.
Bxf6 Bxd1 9. Bb5+ Qd7 10. Bxd7+ Kxd7 11. Bxe5 Bxc2 12. Kd2 Ba4 13. Rc1 f6 14.
Bg3 e5 15. f3 b6 16. Ke2 Bd6 17. Nd2 Rac8 18. Nc4 Bb8 19. Be1 Rc6 20. Ne3 Ke6
21. Rc3 Bb5 22. Rac1 Rhc8 23. b3 Ba6 24. Bf2 Bb7 25. Nd1 Bd6 1/2-1/2

[Event "KreisEM Mfr. Mitte"]
[Site "Nürnberg"]
[Date "2018.01.13"]
[Round "7.8"]
[White "Diebel, Guenter"]
[Black "Rummel, Gerald"]
[Result "0-1"]
[WhiteElo "1786"]
[BlackElo "1776"]
[PlyCount "88"]
[EventDate "2018.??.??"]
[WhiteTeam "SW Nürnberg Süd"]
[BlackTeam "SC Anderssen"]

1. e4 e6 2. Nc3 d5 3. d4 Bb4 4. e5 c5 5. Be3 Nc6 6. Bb5 Qa5 7. Bxc6+ bxc6 8.
Nge2 cxd4 9. Bxd4 Nh6 10. a3 Be7 11. b4 Qc7 12. f4 a5 13. Bc5 Nf5 14. Nd4 Bxc5
15. Nxf5 Bf8 16. Nd4 axb4 17. axb4 Rxa1 18. Qxa1 Bxb4 19. O-O O-O 20. Nce2 Bd7
21. c3 Be7 22. Rb1 Rb8 23. Rxb8+ Qxb8 24. h3 c5 25. Nf3 Qb7 26. Kh2 Bb5 27. Qb2
Qa6 28. Ng3 g6 29. h4 Qa4 30. h5 Kg7 31. Qd2 Bd8 32. h6+ Kxh6 33. f5+ g5 34. f6
Qf4 35. Qb2 g4 36. Qxb5 gxf3 37. gxf3 Qxe5 38. Qxc5 Bxf6 39. Qf8+ Kg6 40. Qb4
h5 41. Kh3 Qxc3 42. Qb1+ Kh6 43. f4 h4 44. Qg1 Qxg3+ 0-1

[Event "KreisEM Mfr. Mitte"]
[Site "Nürnberg"]
[Date "2018.01.13"]
[Round "7.9"]
[White "Poerzgen, Michael"]
[Black "Hahn, Thomas"]
[Result "0-1"]
[WhiteElo "1729"]
[BlackElo "1674"]
[PlyCount "46"]
[EventDate "2018.??.??"]
[WhiteTeam "SW Nürnberg Süd"]
[BlackTeam "Zabo-Eintracht Nürnberg"]

1. e4 c5 2. Nc3 d6 3. f4 g6 4. Nf3 Bg7 5. Bb5+ Bd7 6. Bxd7+ Qxd7 7. O-O Nc6 8.
d3 e6 9. Qe1 Nge7 10. a3 Nd4 11. Nxd4 Bxd4+ 12. Kh1 O-O 13. Ne2 Bg7 14. Rb1 b5
15. Rf3 a5 16. Qh4 f5 17. g4 Qb7 18. Re3 d5 19. Kg1 dxe4 20. dxe4 Bf6 21. g5
Bd4 22. Nxd4 cxd4 23. Rd3 fxe4 0-1

[Event "KreisEM Mfr. Mitte"]
[Site "Nürnberg"]
[Date "2018.01.13"]
[Round "7.10"]
[White "Albayrak, Aylin"]
[Black "Merdian, Nick"]
[Result "1-0"]
[WhiteElo "1682"]
[BlackElo "1296"]
[PlyCount "73"]
[EventDate "2018.??.??"]
[WhiteTeam "Zabo-Eintracht Nürnberg"]
[BlackTeam "SC Postbauer-Heng"]

1. d4 Nf6 2. c4 g6 3. Nc3 d5 4. f3 Bf5 5. cxd5 Bg7 6. e4 Bc8 7. Bc4 O-O 8. Nge2
b6 9. e5 Nfd7 10. Bg5 h6 11. Be3 Bb7 12. Qd2 Kh7 13. e6 fxe6 14. dxe6 Nf6 15.
Nf4 Ba6 16. Bxa6 Nxa6 17. Qd3 Nb4 18. Qxg6+ Kg8 19. a3 Nc6 20. Nfe2 Qe8 21. Qg3
Kh7 22. Rd1 Rc8 23. d5 Na5 24. O-O Nc4 25. Bc1 Rg8 26. f4 Bf8 27. Qd3+ Qg6 28.
Qxg6+ Rxg6 29. f5 Rg8 30. Rd4 Nd6 31. Rh4 c6 32. dxc6 Rxc6 33. Ra4 a5 34. h3
Nc4 35. b3 Nd6 36. Rh4 Bg7 37. g4 1-0

[Event "KreisEM Mfr. Mitte"]
[Site "Nürnberg"]
[Date "2018.01.13"]
[Round "7.11"]
[White "Suess, Helmut"]
[Black "Ehmer, Marty"]
[Result "1-0"]
[WhiteElo "1912"]
[BlackElo "1637"]
[PlyCount "21"]
[EventDate "2018.??.??"]
[WhiteTeam "SC Noris-Tarrasch Nürnberg"]
[BlackTeam "SW Nürnberg Süd"]

1. d4 d5 2. Bf4 Nf6 3. e3 e6 4. c4 Ne4 5. Nc3 Bb4 6. Qb3 c5 7. Nf3 Qa5 8. Rc1
Bd7 9. cxd5 Ba4 10. Qc4 Bb5 11. Qxb5+ 1-0

[Event "KreisEM Mfr. Mitte"]
[Site "Nürnberg"]
[Date "2018.01.13"]
[Round "7.12"]
[White "Mueller, Ludwig"]
[Black "Schoene, Steffen"]
[Result "1/2-1/2"]
[WhiteElo "1781"]
[BlackElo "1895"]
[PlyCount "116"]
[EventDate "2018.??.??"]
[WhiteTeam "SGem Nürnberg"]
[BlackTeam "Zabo-Eintracht Nürnberg"]

1. e4 d6 2. d4 Nf6 3. Nc3 g6 4. Bg5 h6 5. Be3 Bg7 6. Qd2 Ng4 7. h3 Nxe3 8. Qxe3
Nd7 9. f4 c5 10. dxc5 Nxc5 11. Bb5+ Bd7 12. Bxd7+ Qxd7 13. Nge2 Qc6 14. O-O e6
15. Rab1 O-O 16. Rfd1 Rac8 17. Nd4 Qb6 18. e5 dxe5 19. fxe5 Nd7 20. Na4 Qa5 21.
b3 Nxe5 22. Qd2 Qxd2 23. Rxd2 a6 24. c4 h5 25. Rbd1 Bh6 26. Re2 Bg7 27. Nf3
Nxf3+ 28. gxf3 b5 29. cxb5 axb5 30. Nb2 Rc3 31. Kg2 Rfc8 32. Rd3 Rxd3 33. Nxd3
Kf8 34. Nb4 Rc3 35. Rc2 Rxc2+ 36. Nxc2 Ke7 37. Kf2 Kd6 38. Ke3 g5 39. a4 bxa4
40. bxa4 Kc5 41. Kd3 f5 42. Ke3 Kc4 43. Ne1 Kb4 44. Ng2 Kxa4 45. h4 Bf6 46.
hxg5 Bxg5+ 47. f4 Bf6 48. Ne1 Kb5 49. Nf3 Kc5 50. Nd2 Kd5 51. Nf1 h4 52. Kf3
Kd4 53. Ne3 Kd3 54. Nf1 Bd4 55. Nh2 Kd2 56. Nf1+ Ke1 57. Nh2 Bc5 58. Nf1 Kxf1
1/2-1/2

[Event "KreisEM Mfr. Mitte"]
[Site "Nürnberg"]
[Date "2018.01.13"]
[Round "7.13"]
[White "Mantel, Hubert"]
[Black "Klinger, Klaus"]
[Result "1-0"]
[WhiteElo "1744"]
[BlackElo "1411"]
[PlyCount "67"]
[EventDate "2018.??.??"]
[WhiteTeam "SC Noris-Tarrasch Nürnberg"]
[BlackTeam "Zabo-Eintracht Nürnberg"]

1. e4 c6 2. b3 d5 3. exd5 Qxd5 4. Nc3 Qe5+ 5. Qe2 Qc7 6. Ba3 c5 7. Nf3 Bg4 8.
Qb5+ Nd7 9. Be2 a6 10. Qa4 Bxf3 11. Bxf3 b5 12. Qe4 Rd8 13. Nd5 Qd6 14. O-O
Ngf6 15. Nxf6+ Nxf6 16. Qc6+ Qxc6 17. Bxc6+ Nd7 18. Bb2 Rc8 19. Bb7 Rb8 20.
Bxa6 e6 21. a4 b4 22. Bb5 Kd8 23. d4 cxd4 24. Bxd4 f6 25. Rfd1 Kc8 26. Bxd7+
Kxd7 27. Ba7+ Kc7 28. Bxb8+ Kxb8 29. Rd8+ Kc7 30. Rad1 g6 31. R1d7+ Kc6 32. Rf7
Bg7 33. Rxh8 Bxh8 34. Rxh7 1-0

[Event "KreisEM Mfr. Mitte"]
[Site "Nürnberg"]
[Date "2018.01.13"]
[Round "7.14"]
[White "Duong, Ba Duc"]
[Black "Weissmann, Peter"]
[Result "1/2-1/2"]
[WhiteElo "1559"]
[BlackElo "1731"]
[PlyCount "29"]
[EventDate "2018.??.??"]
[WhiteTeam "SK Nürnberg"]
[BlackTeam "SK Zirndorf"]

1. e4 c5 2. Nf3 d6 3. d4 cxd4 4. Nxd4 Nf6 5. f3 g6 6. Nc3 Bg7 7. Be3 O-O 8. Qd2
Nc6 9. Bc4 Nxd4 10. Bxd4 Be6 11. Bxe6 fxe6 12. O-O Qa5 13. Rfe1 e5 14. Be3 Rac8
15. Re2 1/2-1/2

[Event "KreisEM Mfr. Mitte"]
[Site "Nürnberg"]
[Date "2018.01.13"]
[Round "7.16"]
[White "Wettermann, Bernd"]
[Black "Dreiseitel, Werner"]
[Result "1-0"]
[WhiteElo "1761"]
[BlackElo "1571"]
[PlyCount "59"]
[EventDate "2018.??.??"]
[WhiteTeam "Zabo-Eintracht Nürnberg"]
[BlackTeam "SW Nürnberg Süd"]

1. e4 d5 2. exd5 Qxd5 3. Nc3 Qa5 4. d4 c6 5. Nf3 Bf5 6. Bd3 Bxd3 7. Qxd3 Nf6 8.
O-O e6 9. Re1 Be7 10. Bd2 Qc7 11. Ne4 Nbd7 12. c4 Nxe4 13. Qxe4 Nf6 14. Qe2 O-O
15. Rad1 Rfe8 16. a3 Rad8 17. Bc3 Rd7 18. Rd3 h6 19. Ne5 Rdd8 20. Rg3 c5 21.
Bd2 h5 22. dxc5 Bxc5 23. Bh6 Bf8 24. Bg5 Be7 25. Rh3 g6 26. Rf3 Kg7 27. Nxf7
Kxf7 28. g4 hxg4 29. Qxe6+ Kf8 30. Bh6# 1-0

[Event "KreisEM Mfr. Mitte"]
[Site "Nürnberg"]
[Date "2018.01.13"]
[Round "7.17"]
[White "Belich, Max"]
[Black "Berg, Winfried"]
[Result "0-1"]
[WhiteElo "1575"]
[BlackElo "1578"]
[PlyCount "72"]
[EventDate "2018.??.??"]
[WhiteTeam "SW Nürnberg Süd"]
[BlackTeam "SW Nürnberg Süd"]

1. e4 d5 2. exd5 Nf6 3. Bb5+ Bd7 4. Bc4 Bg4 5. f3 Bf5 6. Nc3 c6 7. dxc6 Nxc6 8.
Nge2 e5 9. d3 a6 10. a4 Bc5 11. Bg5 Qd6 12. Bxf6 gxf6 13. Ne4 Bxe4 14. dxe4 Qe7
15. Bd5 Rd8 16. c3 O-O 17. Qd2 Qc7 18. b4 Ba7 19. Qb2 Qb6 20. O-O-O Rc8 21. Kb1
Ne7 22. c4 Nxd5 23. c5 Qxb4 24. Rxd5 Qxb2+ 25. Kxb2 Bxc5 26. Rhd1 Rc7 27. Ng3
Bd4+ 28. Kb1 Rc4 29. a5 Rb4+ 30. Kc1 Rc8+ 31. Kd2 Rb2+ 32. Ke1 Bf2+ 33. Kf1
Bxg3 34. hxg3 Rcc2 35. g4 Rf2+ 36. Kg1 Rxg2+ 0-1

[Event "KreisEM Mfr. Mitte"]
[Site "Nürnberg"]
[Date "2018.01.13"]
[Round "7.18"]
[White "Nuesslein, Christian"]
[Black "Scheitler, Wolfgang"]
[Result "1/2-1/2"]
[WhiteElo "1929"]
[BlackElo "1504"]
[PlyCount "79"]
[EventDate "2018.??.??"]
[WhiteTeam "SGem Nürnberg"]
[BlackTeam "SW Nürnberg Süd"]

1. b4 b6 2. Bb2 Bb7 3. e3 e6 4. Nf3 Nf6 5. b5 Be7 6. c4 O-O 7. d3 d5 8. Nbd2
dxc4 9. dxc4 Nbd7 10. Be2 Nc5 11. Qc2 Nfe4 12. Rd1 Nd6 13. O-O Bf6 14. Nd4 Qe7
15. Bf3 Bxd4 16. exd4 Bxf3 17. Nxf3 Nd7 18. Ba3 Nf6 19. Ne5 a6 20. Nc6 Qd7 21.
Bxd6 Qxd6 22. a4 axb5 23. axb5 Kh8 24. Ra1 h5 25. Qb2 Ng4 26. g3 h4 27. h3 Nh6
28. g4 Qf4 29. Rxa8 Rxa8 30. f3 Qg3+ 31. Qg2 Qxg2+ 32. Kxg2 g5 33. Rf2 Ra4 34.
Rc2 Kg7 35. Kf2 Kf6 36. Ne5 Ng8 37. Ke3 Ne7 38. Ke4 Kg7 39. Nd3 Ra1 40. Nf2
1/2-1/2

[Event "KreisEM Mfr. Mitte"]
[Site "Nürnberg"]
[Date "2018.01.13"]
[Round "7.19"]
[White "Lingl, Peter"]
[Black "Majid, Hakim"]
[Result "1-0"]
[WhiteElo "1654"]
[BlackElo "1314"]
[PlyCount "53"]
[EventDate "2018.??.??"]
[WhiteTeam "SC JÄKLECHEMIE"]
[BlackTeam "SW Nürnberg Süd"]

1. e4 e5 2. Bc4 Nf6 3. d3 Bc5 4. Be3 Be7 5. f4 exf4 6. Bxf4 d6 7. Nf3 O-O 8.
O-O Nh5 9. Bd2 g6 10. Bh6 Ng7 11. Qd2 c6 12. Bg5 Ne6 13. Bh6 Re8 14. Nc3 Qb6+
15. Kh1 Qxb2 16. Rab1 Qa3 17. Ne2 Na6 18. Nfd4 Nac5 19. Qe1 Bd7 20. Bc1 Qa4 21.
Rb4 Qa5 22. Bh6 Qd8 23. Qf2 a5 24. Qxf7+ Kh8 25. Nxe6 Nxe6 26. Bxe6 Bf8 27.
Rxb7 1-0

[Event "KreisEM Mfr. Mitte"]
[Site "Nürnberg"]
[Date "2018.01.13"]
[Round "7.20"]
[White "Albayrak, Melissa"]
[Black "Barnowski, Roman"]
[Result "0-1"]
[WhiteElo "993"]
[BlackElo "1399"]
[PlyCount "156"]
[EventDate "2018.??.??"]
[WhiteTeam "Zabo-Eintracht Nürnberg"]
[BlackTeam "SW Nürnberg Süd"]

1. e4 e6 2. d4 d5 3. e5 c5 4. c3 Ne7 5. Be2 Nec6 6. Be3 cxd4 7. cxd4 Qb6 8. Nf3
Qxb2 9. Nbd2 Qa3 10. O-O Qa5 11. Nb3 Qc7 12. Bf4 Nd7 13. Qc1 Be7 14. Bb5 a6 15.
Be2 O-O 16. h3 Qd8 17. Ng5 h6 18. Nf3 f6 19. exf6 Nxf6 20. Nh4 Qe8 21. Bd3 Ne4
22. Bxe4 dxe4 23. Qc2 Rxf4 24. g3 Rxh4 25. gxh4 Qg6+ 26. Kh2 Nb4 27. Qe2 Bd6+
28. Kh1 Nd5 29. Rg1 Qf5 30. Qg4 Qxg4 31. Rxg4 Nf6 32. Rgg1 Bd7 33. Rgf1 Bc6 34.
Na5 Bd5 35. Kg1 Nh5 36. Rfe1 Bb4 37. Rec1 Bxa5 38. Rc2 Rf8 39. Rac1 Bc6 40. Rc5
Rf5 41. Rxf5 exf5 42. Rc5 Bc7 43. Rxf5 Nf4 44. Kf1 Nxh3 45. h5 Ng5 46. d5 Bd7
47. d6 Bxf5 48. dxc7 Bc8 49. Kg2 Kf8 50. Kg3 Ke8 51. Kf4 Kd7 52. Kf5 Kxc7+ 53.
Kg6 Ne6 54. Kf7 b5 55. Kg6 b4 56. Kf5 a5 57. Kxe4 a4 58. Kd3 Nf4+ 59. Kc4 b3
60. axb3 axb3 61. Kxb3 Nxh5 62. Kc2 Nf4 63. Kd2 Bb7 64. Ke1 Nd3+ 65. Kf1 Nxf2
66. Kxf2 g5 67. Kg3 h5 68. Kh3 h4 69. Kg4 Bc8+ 70. Kf3 g4+ 71. Kg2 Bb7+ 72. Kh2
g3+ 73. Kh3 Kd6 74. Kxh4 g2 75. Kh5 g1=Q 76. Kh6 Ke6 77. Kh5 Kf5 78. Kh4 Qg4#
0-1

[Event "KreisEM Mfr. Mitte"]
[Site "Nürnberg"]
[Date "2018.01.13"]
[Round "7.22"]
[White "Dreiseitel, Ursula"]
[Black "Hutzler, Udo"]
[Result "1/2-1/2"]
[WhiteElo "1457"]
[BlackElo "1366"]
[PlyCount "90"]
[EventDate "2018.??.??"]
[WhiteTeam "SW Nürnberg Süd"]
[BlackTeam "SK Nürnberg"]

1. d4 Nf6 2. Nf3 d5 3. Bf4 e6 4. e3 b6 5. Nbd2 Bb7 6. Be2 Nbd7 7. O-O Be7 8.
Ne5 O-O 9. c3 c5 10. Ndf3 c4 11. Nxd7 Nxd7 12. Qc2 Nf6 13. Be5 Ne4 14. Nd2 Nd6
15. Bg4 f5 16. Be2 Nf7 17. f4 Nxe5 18. fxe5 Bg5 19. Rf3 Qe7 20. Raf1 Bc6 21.
Rh3 Be8 22. Qd1 Bg6 23. Bh5 Qf7 24. Bxg6 Qxg6 25. Rff3 b5 26. Rfg3 h6 27. Qe2
Kf7 28. Qh5 Rh8 29. Qxg6+ Kxg6 30. Nf3 Rhf8 31. Nxg5 hxg5 32. Rh4 Rf7 33. Rf4
Raf8 34. Rf1 a5 35. h3 b4 36. Rgf3 bxc3 37. bxc3 a4 38. Rb1 g4 39. hxg4 fxg4
40. Rxf7 Rxf7 41. Rf1 Rxf1+ 42. Kxf1 Kf5 43. Ke2 Ke4 44. Kd2 a3 45. Ke2 Kf5
1/2-1/2